| 000 | 00946cam a22002771a 4500 | ||
|---|---|---|---|
| 001 | agr52000532 | ||
| 003 | DLC | ||
| 005 | 20260227111017.0 | ||
| 008 | 800121s1952 dcua f000 0 eng | ||
| 010 | _aagr52000532 | ||
| 035 | _a(OCoLC)5895484 | ||
| 040 |
_aDLC _cWMaPI-RL _dWMaPI-RL _dDNAL _dDLC _dWaU |
||
| 050 | 0 | 0 |
_aS21 _b.A6 no. 2050 |
| 070 | 0 |
_a1 _bAg84F no.2050 |
|
| 072 | 0 | _aL830 | |
| 072 | 0 | _aL820 | |
| 100 | 1 |
_aGorham, J. R., _d1922- |
|
| 245 | 1 | 0 |
_aDiseases and parasites of minks / _cby J.R. Gorham and H.J. Griffiths. |
| 260 |
_aWashington, D.C. : _bU.S. Dept. of Agriculture, _c1952. |
||
| 300 |
_a41 p. : _bill. ; _c23 cm. |
||
| 490 | 1 |
_aFarmers' bulletin / United States Department of Agriculture ; _vno. 2050 |
|
| 650 | 0 |
_aAmerican mink _xDiseases. |
|
| 650 | 0 |
_aAmerican mink _xParasites. |
|
| 700 | 1 |
_aGriffiths, Henry Joseph, _d1910- |
|
| 830 | 0 |
_aFarmers' bulletin (United States. Department of Agriculture) ; _vno. 2050. |
|
| 999 |
_c11478 _d11478 |
||